Les 30 villes les plus visités d'Europe - Statistiques

Statistiques générales
  • Ce quiz a été pris 509 fois
  • Le résultat moyen est 21 sur 30
Statistiques - réponses
Nombres de visites
en milliers chaque année
Ville % Correct
2 14981.7 Paris
100%
1 17383.9 Londres
98%
15 4178.3 Madrid
98%
12 4674.6 Berlin
96%
7 5972.8 Barcelone
95%
4 8780.5 Rome
95%
24 2626.5 Lisbonne
88%
8 5714.1 Amsterdam
87%
6 6050.1 Milan
86%
20 3100.0 Bruxelles
85%
11 4976.2 Moscou
85%
18 3388.3 Athènes
83%
17 3571.6 Dublin
80%
13 4452.0 Budapest
79%
9 5422.1 Vienne
78%
21 3026.8 Munich
75%
16 4157.8 Varsovie
73%
10 5237.0 Venise
73%
5 6346.1 Prague
72%
3 11871.2 Istanbul
69%
29 2184.6 Nice
56%
23 2671.1 Saint-Pétersbourg
55%
14 4278.2 Florence
51%
22 2690.7 Sofia
51%
28 2372.1 Zurich
51%
30 2016.7 Francfort
41%
26 2500.0 Cracovie
38%
25 2606.0 Heraklion
10%
27 2397.9 Andorre la Vieille
6%
19 3151.9 Muğla
3%
Aucun quiz correspondant
Distribution des résultats
% des personnes avec chaque résultat
Percentile par nombre de réponses
Votre historique - résultats
Vous n’avez pas pris ce quiz